000 01281nam a22003017a 4500
001 7184
003 FISKH
005 20250701152641.0
008 250701b cb ||||| |||| 00| 0 eng d
020 _a9780439559683
040 _aFISKH
_beng
_cFISKH
_dFISKH
050 _aPZ7 .P2876
082 _a 853.92
100 _aStilton, Geronimo
_d(1958-)
245 _aPaws off, Cheddarface! /
_cGeronimo Stilton
250 _aThis edition first published in 2004
260 _aNew York :
_bScholastic,
_c2000
300 _a113 pages :
_bcolor illustrations ;
_c20 cm
505 _aJ
520 _aHoley cheese, it was strange! All across New Mouse City, rodents kept telling me I'd done things I had no memory of. Was I going crazy? Had the cheese finally slipped off my cracker? No, that wasn't it. I soon discovered the truth: There was a Geronimo lookalike going around, pretending to be me! He'd even fooled my sister Thea. Worst of all, he was trying to take over The Rodent's Gazette! I had to get that greedy impostor's paws off my newspaper, but how?
521 8 _a440
_bLexile
521 8 _aJ
_bRaz-Plus
650 _2Animals
_aMystery
650 _2Geronimo Stilton
_aSeries
700 _aPetronio, Kay
_dillustrator
942 _2ddc
_cBK
_n0
999 _c7184
_d7184